Introduction to business statistics

Wedi'i Gadw mewn:
Manylion Llyfryddiaeth
Prif Awdur: Weiers, Ronald M.
Fformat: Llyfr
Iaith:Undetermined
Cyhoeddwyd: Australia Thomson Brooks/cole 2005
Pynciau:
Tagiau: Ychwanegu Tag
Dim Tagiau, Byddwch y cyntaf i dagio'r cofnod hwn!
Thư viện lưu trữ: Trung tâm Học liệu Trường Đại học Cần Thơ
LEADER 00629nam a2200205Ia 4500
001 CTU_123910
008 210402s9999 xx 000 0 und d
020 |c 1799000 
082 |a 519.5 
082 |b W415 
100 |a Weiers, Ronald M. 
245 0 |a Introduction to business statistics 
245 0 |c Ronald M. Weiers ; with business cases by J. Brian Gray, Lawrence H. Peters 
260 |a Australia 
260 |b Thomson Brooks/cole 
260 |c 2005 
650 |a Commercial statistics. 
904 |i Năm 
910 |a Sách kèm 1CD có số AV.000865 
980 |a Trung tâm Học liệu Trường Đại học Cần Thơ